<?xml version="1.0" encoding="UTF-8"?>
<collection xmlns="http://www.loc.gov/MARC21/slim">
  <record>
    <leader>00000nam  2200000   4500</leader>
    <controlfield tag="001">INLIS000000000000464</controlfield>
    <controlfield tag="005">20190520011812</controlfield>
    <datafield tag="035" ind1="#" ind2="#">
      <subfield code="a">0010-0718000464</subfield>
    </datafield>
    <controlfield tag="008">190520################g##########0#ind##</controlfield>
    <datafield tag="020" ind1="#" ind2="#">
      <subfield code="a">9789797097202</subfield>
    </datafield>
    <datafield tag="041" ind1=" " ind2=" ">
      <subfield code="a">id</subfield>
    </datafield>
    <datafield tag="082" ind1="#" ind2="#">
      <subfield code="a">303.404</subfield>
    </datafield>
    <datafield tag="090" ind1=" " ind2=" ">
      <subfield code="a">300 Tun e</subfield>
    </datafield>
    <datafield tag="100" ind1=" " ind2="#">
      <subfield code="a">Tunggal, Nawa</subfield>
    </datafield>
    <datafield tag="245" ind1="1" ind2="#">
      <subfield code="a">60 Inovasi Pilihan Kompas /</subfield>
      <subfield code="c">Nawa Tunggal</subfield>
    </datafield>
    <datafield tag="250" ind1="#" ind2="#">
      <subfield code="a">ed.1</subfield>
    </datafield>
    <datafield tag="260" ind1="#" ind2="#">
      <subfield code="a">Jakarta :</subfield>
      <subfield code="b">PT.Kompas,</subfield>
      <subfield code="c">2013</subfield>
    </datafield>
    <datafield tag="650" ind1=" " ind2="#">
      <subfield code="a">Inovasi Kesehatan dan Pangan</subfield>
    </datafield>
    <datafield tag="084" ind1="#" ind2="#">
      <subfield code="a">303.404 Tun e</subfield>
    </datafield>
    <datafield tag="300" ind1="#" ind2="#">
      <subfield code="a">xii, 292 hlm. :</subfield>
      <subfield code="b">ilus ;</subfield>
      <subfield code="c">19 cm</subfield>
    </datafield>
    <datafield tag="520" ind1="#" ind2="#">
      <subfield code="a">Mengupas 60 hasil penemuan baru di berbagai bidang kesehatan, teknologi pangan, energi dan lingkungan, arsitektur dan perumahan, perhubungan, hingga ekonomi kreatif. Karya para peneliti berdedikasi yang telah mengabdi di laboratorium maupun bengkel kerja demi kemajuan dan kesejahteraan bangsa. Buku ini memuat informasi antara lain: Tepung Suweg menyaing 'oatmeal', anti malaria dari kulit batang cempedak, daun avokad untuk hipertensi, kulit udang pengganti formalin, kitosan -kurkumin dalam udang sebagai pemburu sel kanker, kompor berbahan bakar sampah, elpiji untuk bahan bakar sepeda motor, mikroskop dari botol plastik, rekayasa ikan betok musuh alami hama wereng, sabun ramah lingkungan, pesawt tanpa awak BPPT. Masing-masing inovasi siap dikembangkan lebih lanjut, diproduksi secara masal dan murah sehingga terjangkau dan dapat dimanfaatkan sebanyak mungkin masyarakat. Dilangkapi dengan infografik yang memudahkan pembaca melakukan inovasi.</subfield>
    </datafield>
    <datafield tag="856" ind1="#" ind2="#">
      <subfield code="a">Perpustakaan Lembaga Administrasi Negara</subfield>
    </datafield>
    <datafield tag="990" ind1="#" ind2="#">
      <subfield code="a">141217229</subfield>
    </datafield>
    <datafield tag="990" ind1="#" ind2="#">
      <subfield code="a">141217222</subfield>
    </datafield>
    <datafield tag="990" ind1="#" ind2="#">
      <subfield code="a">141217229</subfield>
    </datafield>
    <datafield tag="990" ind1="#" ind2="#">
      <subfield code="a">141217222</subfield>
    </datafield>
    <datafield tag="990" ind1="#" ind2="#">
      <subfield code="a">141217222</subfield>
    </datafield>
    <datafield tag="990" ind1="#" ind2="#">
      <subfield code="a">141217229</subfield>
    </datafield>
  </record>
</collection>
